[Event "RUS-ch Boys U21 2021"]
[Site "Loo"]
[Date "2021.04.23"]
[Round "3.8"]
[White "Stukan, Martin"]
[Black "Shpakov, Vladimir"]
[Result "1/2-1/2"]
[WhiteElo "2390"]
[BlackElo "1871"]
[Annotator "NA"]
[PlyCount "92"]
[EventDate "2021.04.21"]
[EventType "swiss"]
[EventCountry "RUS"]
[SourceTitle "playchess.com"]
[Source "ChessBase"]
[SourceQuality "1"]
[TimeControl "40/5400+30:1800+30"]

1. e4 {[%emt 0:00:00]} c6 {[%emt 0:00:00]} 2. d4 {[%emt 0:00:00]} d5 {[%emt 0:00:00]} 3. Nc3 {[%emt 0:00:00]} dxe4 {[%emt 0:00:00]} 4. Nxe4 {[%emt 0:00:00]} Nf6 {[%emt 0:00:00]} 5. Nxf6+ {[%emt 0:00:00]} exf6 {[%emt 0:00:00]} 6. c3 {[%emt 0:00:00]} Bf5 {[%emt 0:00:06]} 7. Bd3 {[%emt 0:00:16]} Bxd3 {[%emt 0:00:13]} 8. Qxd3 {[%emt 0:00:03]} Bd6 {[%emt 0:00:12]} 9. Nf3 {[%emt 0:00:05]} O-O {[%emt 0:00:13]} 10. O-O {[%emt 0:00:06]} Nd7 {[%emt 0:01:44]} 11. Be3 {[%emt 0:02:40]} Re8 {[%emt 0:01:25]} 12. Rad1 {[%emt 0:05:26]} Qc7 {[%emt 0:01:26]} 13. c4 {[%emt 0:16:04]} Rad8 {[%emt 0:00:43]} 14. h3 {[%emt 0:07:35]} Bf8 {[%emt 0:02:39]} 15. Qc2 {[%emt 0:04:25]} g6 {[%emt 0:00:39]} 16. c5 {[%emt 0:24:16]} Bg7 {[%emt 0:01:29]} 17. Nd2 {[%emt 0:02:31]} f5 {[%emt 0:01:23]} 18. Nc4 {[%emt 0:00:10]} Nf6 {[%emt 0:00:46]} 19. Nd6 {[%emt 0:07:50]} Re6 {[%emt 0:01:49]} 20. Qb3 {[%emt 0:06:05]} Nd5 {[%emt 0:04:51]} 21. Bg5 {[%emt 0:05:31]} Rb8 {[%emt 0:01:27]} 22. Nb5 {[%emt 0:05:39]} Qd7 {[%emt 0:04:40]} 23. Nc3 {[%emt 0:00:25]} Nxc3 {[%emt 0:00:56]} 24. bxc3 {[%emt 0:00:04]} Re4 {[%emt 0:01:23]} 25. Rfe1 {[%emt 0:01:34]} Qe8 {[%emt 0:02:48]} 26. Kf1 {[%emt 0:01:39]} h6 {[%emt 0:01:55]} 27. f3 {[%emt 0:01:43]} hxg5 {[%emt 0:09:40]} 28. fxe4 fxe4 {[%emt 0:00:15]} 29. Kg1 {[%emt 0:00:44]} Kh7 {[%emt 0:00:27]} 30. d5 {[%emt 0:03:09]} cxd5 {[%emt 0:02:11]} 31. Rxd5 {[%emt 0:00:03]} f5 {[%emt 0:00:40]} 32. Red1 {[%emt 0:01:16]} e3 {[%emt 0:01:45]} 33. Qc4 {[%emt 0:00:05]} e2 {[%emt 0:00:58]} 34. Re1 {[%emt 0:00:08]} Qe3+ {[%emt 0:00:11]} 35. Kh2 {[%emt 0:01:46]} Be5+ {[%emt 0:01:04]} 36. Kh1 {[%emt 0:00:39]} Qg3 {[%emt 0:04:26]} 37. Rxe5 {[%emt 0:00:06]} Qxe1+ {[%emt 0:00:29]} 38. Kh2 {[%emt 0:00:01]} f4 {[%emt 0:00:37]} 39. Qxe2 {[%emt 0:04:16]} Qg3+ {[%emt 0:02:24]} 40. Kg1 {[%emt 0:00:00]} Rd8 {[%emt 0:00:00]} 41. Re7+ {[%emt 0:01:08]} Kh6 {[%emt 0:01:24]} 42. Rxb7 {[%emt 0:02:39]} Qxc3 {[%emt 0:02:16]} 43. Rh7+ {[%emt 0:01:46]} Kxh7 {[%emt 0:00:10]} 44. Qe7+ {[%emt 0:00:01]} Kh6 {[%emt 0:00:16]} 45. Qxd8 {[%emt 0:00:03]} Qe1+ {[%emt 0:01:40]} 46. Kh2 {[%emt 0:00:03]} Qg3+ {[%emt 0:00:09]} 1/2-1/2

[Event "RUS-ch Boys U21 2021"]
[Site "Loo"]
[Date "2021.04.23"]
[Round "3.9"]
[White "Koliev, Irlan"]
[Black "Pavlov, Danila"]
[Result "0-1"]
[WhiteElo "2023"]
[BlackElo "2360"]
[Annotator "NA"]
[PlyCount "90"]
[EventDate "2021.04.21"]
[EventType "swiss"]
[EventCountry "RUS"]
[SourceTitle "playchess.com"]
[Source "ChessBase"]
[SourceQuality "1"]
[TimeControl "40/5400+30:1800+30"]

1. d4 {[%emt 0:00:00]} Nf6 {[%emt 0:00:00]} 2. c4 {[%emt 0:00:00]} g6 {[%emt 0:00:00]} 3. Nc3 {[%emt 0:00:00]} Bg7 {[%emt 0:00:00]} 4. e4 {[%emt 0:00:00]} d6 {[%emt 0:00:00]} 5. Be2 {[%emt 0:00:00]} O-O {[%emt 0:00:00]} 6. Nf3 {[%emt 0:00:00]} e5 {[%emt 0:00:09]} 7. O-O {[%emt 0:00:05]} Nc6 {[%emt 0:00:09]} 8. d5 {[%emt 0:00:05]} Ne7 {[%emt 0:00:05]} 9. Ne1 {[%emt 0:00:07]} Nd7 {[%emt 0:02:54]} 10. f3 {[%emt 0:00:07]} f5 {[%emt 0:00:05]} 11. g4 {[%emt 0:00:04]} Nf6 {[%emt 0:05:02]} 12. Nd3 {[%emt 0:00:27]} h5 {[%emt 0:04:49]} 13. g5 {[%emt 0:02:20]} Nh7 {[%emt 0:01:22]} 14. h4 {[%emt 0:00:22]} f4 {[%emt 0:01:34]} 15. Kf2 {[%emt 0:08:33]} c6 {[%emt 0:00:46]} 16. Qb3 {[%emt 0:00:46]} Kh8 {[%emt 0:02:52]} 17. Bd2 {[%emt 0:01:21]} b5 {[%emt 0:03:36]} 18. Rh1 {[%emt 0:02:51]} bxc4 {[%emt 0:03:49]} 19. Qxc4 {[%emt 0:00:26]} Qb6+ {[%emt 0:03:40]} 20. Kg2 {[%emt 0:00:17]} Ba6 {[%emt 0:31:51]} 21. Qb4 {[%emt 0:12:44]} Qd4 {[%emt 0:01:04]} 22. Qxd4 {[%emt 0:01:07]} exd4 {[%emt 0:00:44]} 23. Nd1 {[%emt 0:00:23]} cxd5 {[%emt 0:00:08]} 24. N1f2 {[%emt 0:02:27]} dxe4 {[%emt 0:07:18]} 25. Nxe4 {[%emt 0:10:43]} Nd5 {[%emt 0:17:12]} 26. Kf2 {[%emt 0:00:18]} Ne3 {[%emt 0:01:44]} 27. Nxf4 {[%emt 0:01:24]} Rxf4 {[%emt 0:00:18]} 28. Bxa6 {[%emt 0:00:05]} Raf8 {[%emt 0:00:03]} 29. Bxe3 {[%emt 0:13:40]} Rxf3+ {[%emt 0:00:33]} 30. Kg2 {[%emt 0:00:04]} Rxe3 {[%emt 0:00:06]} 31. Rae1 {[%emt 0:00:36]} d5 {[%emt 0:03:03]} 32. Nc5 {[%emt 0:00:21]} Rf4 {[%emt 0:06:49]} 33. Be2 {[%emt 0:14:58]} Nf8 {[%emt 0:01:56]} 34. Nd3 {[%emt 0:02:47]} Rfe4 {[%emt 0:00:45]} 35. Kf2 {[%emt 0:00:54]} Nd7 {[%emt 0:01:10]} 36. Bf1 {[%emt 0:01:32]} Be5 {[%emt 0:01:38]} 37. Rh3 {[%emt 0:01:52]} Rxe1 {[%emt 0:00:35]} 38. Nxe1 {[%emt 0:00:05]} Bf4 {[%emt 0:00:11]} 39. Nc2 {[%emt 0:02:13]} Ne5 {[%emt 0:00:29]} 40. Bg2 {[%emt 0:00:00]} d3 {[%emt 0:00:00]} 41. Bxe4 {[%emt 0:05:36]} dxe4 {[%emt 0:00:54]} 42. Ne3 {[%emt 0:04:34]} Ng4+ {[%emt 0:00:16]} 43. Nxg4 {[%emt 0:00:05]} hxg4 {[%emt 0:00:04]} 44. Rh1 {[%emt 0:00:04]} e3+ {[%emt 0:00:05]} 45. Kf1 {[%emt 0:00:49]} Bg3 {[%emt 0:00:17]} 0-1

[Event "RUS-ch Boys U21 2021"]
[Site "Loo"]
[Date "2021.04.23"]
[Round "3.10"]
[White "Golikov, Daniil"]
[Black "Shemyakin, Valeriy"]
[Result "1-0"]
[WhiteElo "2250"]
[BlackElo "2168"]
[Annotator "NA"]
[PlyCount "81"]
[EventDate "2021.04.21"]
[EventType "swiss"]
[EventCountry "RUS"]
[SourceTitle "playchess.com"]
[Source "ChessBase"]
[SourceQuality "1"]
[TimeControl "40/5400+30:1800+30"]

1. d4 {[%emt 0:00:00]} c5 {[%emt 0:00:00]} 2. d5 {[%emt 0:00:00]} e5 {[%emt 0:00:02]} 3. Nc3 {[%emt 0:00:00]} d6 {[%emt 0:00:09]} 4. Nf3 {[%emt 0:00:00]} Be7 {[%emt 0:03:03]} 5. e4 {[%emt 0:01:10]} Nf6 {[%emt 0:00:07]} 6. a4 {[%emt 0:05:08]} Nbd7 {[%emt 0:01:14]} 7. Bd3 {[%emt 0:01:28]} O-O {[%emt 0:03:13]} 8. h3 {[%emt 0:00:40]} Re8 {[%emt 0:11:10]} 9. O-O {[%emt 0:04:00]} Nf8 {[%emt 0:00:35]} 10. a5 {[%emt 0:05:49]} Ng6 {[%emt 0:02:58]} 11. a6 {[%emt 0:03:42]} bxa6 {[%emt 0:01:53]} 12. Bxa6 {[%emt 0:01:07]} Bd7 {[%emt 0:01:38]} 13. Be3 {[%emt 0:12:18]} Nf4 {[%emt 0:10:23]} 14. Qd2 {[%emt 0:06:50]} N6h5 {[%emt 0:03:37]} 15. b4 {[%emt 0:06:18]} cxb4 {[%emt 0:07:15]} 16. Na2 {[%emt 0:00:07]} b3 {[%emt 0:03:18]} 17. cxb3 {[%emt 0:00:34]} f5 {[%emt 0:00:34]} 18. exf5 {[%emt 0:00:57]} Bxf5 {[%emt 0:00:15]} 19. Nc3 {[%emt 0:02:51]} Rf8 {[%emt 0:02:19]} 20. Kh2 {[%emt 0:03:03]} Nxg2 {[%emt 0:15:45]} 21. Rg1 {[%emt 0:23:00]} Nxe3 {[%emt 0:02:10]} 22. Qxe3 {[%emt 0:00:01]} Nf4 {[%emt 0:00:14]} 23. Rg3 {[%emt 0:03:29]} Qb6 {[%emt 0:03:44]} 24. Bc4 {[%emt 0:02:01]} Nh5 {[%emt 0:05:53]} 25. Rgg1 {[%emt 0:06:49]} Qxe3 {[%emt 0:09:42]} 26. fxe3 {[%emt 0:00:00]} Bxh3 {[%emt 0:00:48]} 27. Nxe5 {[%emt 0:01:57]} Bf6 {[%emt 0:00:19]} 28. Kxh3 {[%emt 0:00:04]} Bxe5 {[%emt 0:00:07]} 29. Nb5 {[%emt 0:00:02]} Rf3+ {[%emt 0:09:23]} 30. Kg4 {[%emt 0:00:06]} Raf8 {[%emt 0:00:04]} 31. Raf1 {[%emt 0:04:10]} Rxf1 {[%emt 0:00:46]} 32. Rxf1 {[%emt 0:01:02]} Rxf1 {[%emt 0:00:02]} 33. Bxf1 {[%emt 0:00:04]} Nf6+ {[%emt 0:00:30]} 34. Kf5 {[%emt 0:00:58]} a5 {[%emt 0:00:19]} 35. Ke6 {[%emt 0:00:09]} Ne4 {[%emt 0:00:07]} 36. Ke7 {[%emt 0:00:31]} Nd2 {[%emt 0:01:58]} 37. Bh3 {[%emt 0:00:30]} h5 {[%emt 0:01:47]} 38. Be6+ {[%emt 0:00:05]} Kh7 39. Nxd6 {[%emt 0:00:03]} Bxd6+ {[%emt 0:00:44]} 40. Kxd6 {[%emt 0:00:00]} Nxb3 {[%emt 0:00:00]} 41. Kc6 {[%emt 0:00:50]} 1-0

[Event "RUS-ch Boys U21 2021"]
[Site "Loo"]
[Date "2021.04.23"]
[Round "3.11"]
[White "Marchuk, Rostislav"]
[Black "Makovich, Andrey"]
[Result "0-1"]
[WhiteElo "2080"]
[BlackElo "2171"]
[Annotator "NA"]
[PlyCount "86"]
[EventDate "2021.04.21"]
[EventType "swiss"]
[EventCountry "RUS"]
[SourceTitle "playchess.com"]
[Source "ChessBase"]
[SourceQuality "1"]
[TimeControl "40/5400+30:1800+30"]

1. d4 {[%emt 0:00:00]} d5 {[%emt 0:00:00]} 2. Nf3 {[%emt 0:00:00]} Nf6 {[%emt 0:00:00]} 3. Bf4 {[%emt 0:00:00]} c5 {[%emt 0:00:00]} 4. e3 {[%emt 0:00:00]} cxd4 {[%emt 0:00:00]} 5. exd4 {[%emt 0:00:00]} Nc6 {[%emt 0:00:00]} 6. c3 {[%emt 0:00:31]} Bf5 {[%emt 0:00:00]} 7. Ne5 {[%emt 0:02:50]} Nd7 {[%emt 0:02:11]} 8. Qb3 {[%emt 0:08:58]} Ncxe5 {[%emt 0:02:43]} 9. Bxe5 {[%emt 0:00:32]} Qb6 {[%emt 0:02:41]} 10. Bb5 {[%emt 0:02:30]} e6 {[%emt 0:07:00]} 11. a4 {[%emt 0:06:29]} Bd6 {[%emt 0:11:48]} 12. Nd2 {[%emt 0:21:15]} Qc7 {[%emt 0:04:21]} 13. Bxd6 {[%emt 0:12:20]} Qxd6 {[%emt 0:00:20]} 14. c4 {[%emt 0:01:52]} b6 {[%emt 0:16:31]} 15. Qa3 {[%emt 0:12:37]} Ke7 {[%emt 0:06:24]} 16. b4 {[%emt 0:04:15]} Nf6 {[%emt 0:05:49]} 17. c5 {[%emt 0:01:08]} Qf4 {[%emt 0:00:11]} 18. Nf3 {[%emt 0:06:13]} Be4 {[%emt 0:03:11]} 19. Qc1 {[%emt 0:06:42]} Qg4 {[%emt 0:01:36]} 20. Ne5 {[%emt 0:01:33]} Qxg2 {[%emt 0:00:37]} 21. Nc6+ {[%emt 0:00:14]} Kf8 {[%emt 0:00:11]} 22. Qf4 {[%emt 0:00:06]} h6 {[%emt 0:01:35]} 23. Ke2 {[%emt 0:03:03]} Qg5 {[%emt 0:02:22]} 24. Qxg5 {[%emt 0:01:19]} hxg5 {[%emt 0:00:01]} 25. f3 {[%emt 0:00:51]} Bf5 {[%emt 0:00:02]} 26. Ba6 {[%emt 0:01:29]} g4 {[%emt 0:00:16]} 27. Bb7 {[%emt 0:01:11]} gxf3+ {[%emt 0:00:10]} 28. Kf2 {[%emt 0:01:26]} Ne4+ {[%emt 0:01:17]} 29. Kxf3 {[%emt 0:00:16]} Rh3+ {[%emt 0:00:05]} 30. Kg2 {[%emt 0:00:14]} Re8 {[%emt 0:00:03]} 31. Ne5 {[%emt 0:01:17]} Ng5 {[%emt 0:00:26]} 32. Rhf1 {[%emt 0:00:34]} f6 {[%emt 0:00:33]} 33. c6 {[%emt 0:01:18]} Be4+ {[%emt 0:01:22]} 34. Kg1 {[%emt 0:00:10]} Ke7 {[%emt 0:00:08]} 35. c7 {[%emt 0:00:47]} fxe5 {[%emt 0:00:44]} 36. dxe5 {[%emt 0:00:46]} Rc3 {[%emt 0:02:47]} 37. Rfc1 {[%emt 0:00:07]} Nh3+ {[%emt 0:00:05]} 38. Kf1 {[%emt 0:00:10]} Rf8+ {[%emt 0:00:01]} 39. Ke1 {[%emt 0:00:30]} Re3+ {[%emt 0:01:05]} 40. Kd2 {[%emt 0:00:00]} Rd3+ {[%emt 0:00:00]} 41. Ke1 {[%emt 0:00:55]} Rf2 {[%emt 0:00:39]} 42. Rc6 {[%emt 0:04:40]} Re3+ {[%emt 0:00:09]} 43. Kd1 {[%emt 0:00:02]} Bf3+ {[%emt 0:00:06]} 0-1

[Event "RUS-ch Boys U21 2021"]
[Site "Loo"]
[Date "2021.04.23"]
[Round "3.12"]
[White "Sidorov, Dmitry I"]
[Black "Kyshtymov, Daniil"]
[Result "1/2-1/2"]
[WhiteElo "2139"]
[BlackElo "2137"]
[Annotator "NA"]
[PlyCount "81"]
[EventDate "2021.04.21"]
[EventType "swiss"]
[EventCountry "RUS"]
[SourceTitle "playchess.com"]
[Source "ChessBase"]
[SourceQuality "1"]
[TimeControl "40/5400+30:1800+30"]

1. d4 {[%emt 0:00:00]} Nf6 {[%emt 0:00:00]} 2. c4 {[%emt 0:00:00]} g6 {[%emt 0:00:00]} 3. Nc3 {[%emt 0:00:00]} Bg7 {[%emt 0:00:00]} 4. g3 {[%emt 0:00:00]} O-O {[%emt 0:00:10]} 5. Bg2 {[%emt 0:00:00]} d6 {[%emt 0:01:39]} 6. Nf3 {[%emt 0:00:00]} Nc6 {[%emt 0:03:13]} 7. O-O {[%emt 0:00:09]} Bg4 {[%emt 0:07:18]} 8. Be3 {[%emt 0:21:12]} Nd7 {[%emt 0:10:39]} 9. d5 {[%emt 0:06:59]} Na5 {[%emt 0:08:40]} 10. Bd4 {[%emt 0:08:06]} Nf6 {[%emt 0:15:49]} 11. c5 {[%emt 0:03:03]} c6 {[%emt 0:19:38]} 12. cxd6 {[%emt 0:01:31]} exd6 {[%emt 0:01:07]} 13. dxc6 {[%emt 0:13:52]} bxc6 {[%emt 0:02:59]} 14. Rc1 {[%emt 0:17:36]} Nc4 {[%emt 0:05:36]} 15. Ne4 {[%emt 0:04:58]} Bxf3 {[%emt 0:09:42]} 16. Bxf3 {[%emt 0:01:17]} d5 {[%emt 0:00:14]} 17. Nxf6+ {[%emt 0:00:58]} Bxf6 {[%emt 0:00:04]} 18. b3 {[%emt 0:00:16]} Na5 {[%emt 0:02:13]} 19. Rc5 {[%emt 0:05:38]} Bxd4 {[%emt 0:05:40]} 20. Qxd4 {[%emt 0:00:06]} Qb6 {[%emt 0:00:18]} 21. Rd1 {[%emt 0:07:38]} Rfd8 {[%emt 0:00:47]} 22. e3 {[%emt 0:00:16]} Rac8 {[%emt 0:00:40]} 23. h4 {[%emt 0:02:51]} Nb7 {[%emt 0:01:37]} 24. Rc2 {[%emt 0:00:37]} Nd6 {[%emt 0:00:52]} 25. Qxb6 {[%emt 0:01:15]} axb6 {[%emt 0:00:05]} 26. Rdc1 {[%emt 0:00:05]} c5 {[%emt 0:01:39]} 27. Bxd5 {[%emt 0:00:38]} Nb5 {[%emt 0:00:22]} 28. Rd2 {[%emt 0:00:26]} Kg7 {[%emt 0:01:40]} 29. a4 {[%emt 0:01:53]} Nd4 {[%emt 0:00:45]} 30. exd4 {[%emt 0:01:36]} Rxd5 {[%emt 0:00:03]} 31. Kf1 {[%emt 0:01:00]} Rcd8 {[%emt 0:00:11]} 32. Ke2 {[%emt 0:00:20]} Rxd4 {[%emt 0:01:39]} 33. Rxd4 {[%emt 0:00:13]} Rxd4 {[%emt 0:00:07]} 34. a5 {[%emt 0:00:05]} bxa5 {[%emt 0:00:47]} 35. Rxc5 {[%emt 0:00:05]} a4 {[%emt 0:00:24]} 36. bxa4 {[%emt 0:01:18]} Rxa4 {[%emt 0:00:06]} 37. Kf3 {[%emt 0:00:08]} Ra3+ {[%emt 0:00:06]} 38. Kg2 {[%emt 0:00:03]} Ra2 {[%emt 0:00:05]} 39. Kf3 {[%emt 0:00:03]} Ra3+ {[%emt 0:00:04]} 40. Kg2 {[%emt 0:00:00]} Ra2 {[%emt 0:00:00]} 41. Kf3 {[%emt 0:00:05]} 1/2-1/2

[Event "RUS-ch Boys U21 2021"]
[Site "Loo"]
[Date "2021.04.24"]
[Round "4.1"]
[White "Obgolts, Erik"]
[Black "Tsvetkov, Andrey"]
[Result "0-1"]
[WhiteElo "2414"]
[BlackElo "2404"]
[Annotator "ChessBase"]
[PlyCount "130"]
[EventDate "2021.04.21"]
[EventType "swiss"]
[EventCountry "RUS"]
[SourceTitle "playchess.com"]
[Source "ChessBase"]
[SourceQuality "1"]
[TimeControl "40/5400+30:1800+30"]

1. e4 {[%emt 0:00:00]} c5 {[%emt 0:00:03]} 2. Nf3 {[%emt 0:00:00]} d6 {[%emt 0:00:04]} 3. d4 {[%emt 0:00:00]} cxd4 {[%emt 0:00:04]} 4. Nxd4 {[%emt 0:00:00]} Nf6 {[%emt 0:00:03]} 5. Nc3 {[%emt 0:00:00]} a6 {[%emt 0:00:02]} 6. Be3 {[%emt 0:00:00]} Ng4 {[%emt 0:00:05]} 7. Bg5 {[%emt 0:00:15]} h6 {[%emt 0:00:05]} 8. Bh4 {[%emt 0:00:03]} g5 {[%emt 0:00:03]} 9. Bg3 {[%emt 0:00:04]} Bg7 {[%emt 0:00:04]} 10. h3 {[%emt 0:02:32]} Ne5 {[%emt 0:00:06]} 11. Nf5 {[%emt 0:02:30]} Bxf5 {[%emt 0:00:17]} 12. exf5 {[%emt 0:00:03]} Nbc6 {[%emt 0:00:04]} 13. Nd5 {[%emt 0:01:42]} e6 {[%emt 0:00:06]} 14. fxe6 {[%emt 0:00:24]} fxe6 {[%emt 0:00:02]} 15. Ne3 {[%emt 0:00:04]} Qa5+ {[%emt 0:00:06]} 16. c3 {[%emt 0:00:13]} Nf3+ {[%emt 0:00:02]} 17. gxf3 {[%emt 0:00:08]} Bxc3+ {[%emt 0:00:02]} 18. bxc3 {[%emt 0:00:14]} Qxc3+ {[%emt 0:00:03]} 19. Qd2 {[%emt 0:00:09]} Qxa1+ {[%emt 0:00:02]} 20. Nd1 {[%emt 0:00:06]} Rc8 {[%emt 0:13:05]} 21. Bd3 {[%emt 0:19:15]} O-O {[%emt 0:00:23]} 22. O-O {[%emt 0:06:40]} Nd4 {[%emt 0:00:05]} 23. Kg2 {[%emt 0:03:57]} Nxf3 {[%emt 0:02:11]} 24. Qe2 {[%emt 0:14:18]} Qf6 {[%emt 0:12:22]} 25. Ne3 {[%emt 0:05:12]} Nd4 {[%emt 0:06:33]} 26. Qd1 {[%emt 0:07:26]} Qf3+ {[%emt 0:03:23]} 27. Qxf3 {[%emt 0:01:00]} Nxf3 {[%emt 0:00:02]} 28. Rd1 {[%emt 0:06:24]} d5 {[%emt 0:04:25]} 29. Be2 {[%emt 0:11:36]} Nh4+ {[%emt 0:00:11]} 30. Bxh4 {[%emt 0:00:08]} gxh4 {[%emt 0:00:02]} 31. Rd4 {[%emt 0:00:06]} Rfd8 {[%emt 0:07:46]} 32. Bd1 {[%emt 0:04:10]} Rc1 {[%emt 0:08:35]} 33. Bb3 {[%emt 0:02:27]} b5 {[%emt 0:00:05]} 34. a4 {[%emt 0:04:19]} Rc3 {[%emt 0:02:29]} 35. Bd1 {[%emt 0:00:47]} Kf8 {[%emt 0:06:17]} 36. axb5 {[%emt 0:00:04]} axb5 {[%emt 0:00:01]} 37. Be2 {[%emt 0:04:59]} e5 {[%emt 0:05:12]} 38. Rxh4 {[%emt 0:03:09]} d4 {[%emt 0:09:51]} 39. Nf5 {[%emt 0:00:10]} d3 {[%emt 0:00:52]} 40. Bd1 {[%emt 0:00:00]} Rc6 {[%emt 0:00:00]} 41. Rb4 {[%emt 0:05:37]} Rc5 {[%emt 0:09:33]} 42. Rh4 {[%emt 0:04:58]} Rc6 {[%emt 0:02:30]} 43. Rb4 {[%emt 0:03:28]} Rc1 {[%emt 0:00:37]} 44. Ne3 {[%emt 0:01:04]} Rc5 {[%emt 0:00:26]} 45. Kf1 {[%emt 0:02:20]} Rd4 {[%emt 0:09:09]} 46. Rb1 {[%emt 0:00:58]} Rd6 {[%emt 0:01:39]} 47. Ra1 {[%emt 0:01:59]} Rb6 {[%emt 0:03:31]} 48. Bb3 {[%emt 0:00:18]} Rbc6 {[%emt 0:02:14]} 49. Bd1 {[%emt 0:03:25]} Kg7 {[%emt 0:05:14]} 50. Ke1 {[%emt 0:00:40]} Rc1 {[%emt 0:01:59]} 51. Rxc1 {[%emt 0:04:22]} Rxc1 {[%emt 0:00:02]} 52. Kd2 {[%emt 0:00:04]} Rc8 {[%emt 0:03:28]} 53. Kxd3 {[%emt 0:00:15]} Rf8 {[%emt 0:00:03]} 54. Ke4 {[%emt 0:02:56]} Rxf2 {[%emt 0:02:23]} 55. Kxe5 {[%emt 0:00:03]} Rd2 {[%emt 0:00:17]} 56. h4 {[%emt 0:00:58]} b4 {[%emt 0:00:54]} 57. Ke4 {[%emt 0:01:42]} Kg6 {[%emt 0:02:15]} 58. Ba4 {[%emt 0:01:42]} Rh2 {[%emt 0:03:23]} 59. Be8+ {[%emt 0:02:04]} Kg7 {[%emt 0:00:49]} 60. Nf5+ {[%emt 0:05:14]} Kf6 {[%emt 0:00:35]} 61. Bb5 {[%emt 0:00:17]} b3 {[%emt 0:01:00]} 62. Nxh6 {[%emt 0:00:54]} Rxh4+ {[%emt 0:01:34]} 63. Kd3 {[%emt 0:00:20]} Rb4 {[%emt 0:01:30]} 64. Ng4+ {[%emt 0:00:54]} Rxg4 {[%emt 0:00:06]} 65. Kc3 {[%emt 0:00:04]} b2 {[%emt 0:00:09]} 0-1

[Event "RUS-ch Boys U21 2021"]
[Site "Loo"]
[Date "2021.04.24"]
[Round "4.2"]
[White "Lobanov, Sergei"]
[Black "Dudin, Gleb"]
[Result "1/2-1/2"]
[WhiteElo "2520"]
[BlackElo "2418"]
[Annotator "ChessBase"]
[PlyCount "81"]
[EventDate "2021.04.21"]
[EventType "swiss"]
[EventCountry "RUS"]
[SourceTitle "playchess.com"]
[Source "ChessBase"]
[SourceQuality "1"]
[TimeControl "40/5400+30:1800+30"]

1. e4 {[%emt 0:00:00]} c6 {[%emt 0:04:06]} 2. d4 {[%emt 0:00:06]} d5 {[%emt 0:00:09]} 3. e5 {[%emt 0:00:45]} c5 {[%emt 0:00:47]} 4. dxc5 {[%emt 0:00:59]} e6 {[%emt 0:00:10]} 5. a3 {[%emt 0:00:22]} Bxc5 {[%emt 0:01:15]} 6. Qg4 {[%emt 0:03:55]} Ne7 {[%emt 0:33:37]} 7. b4 {[%emt 0:08:28]} h5 {[%emt 0:07:11]} 8. Qg5 {[%emt 0:12:08]} Bb6 {[%emt 0:03:38]} 9. Nf3 {[%emt 0:00:47]} Ng6 {[%emt 0:10:00]} 10. Qxd8+ {[%emt 0:05:05]} Bxd8 {[%emt 0:01:52]} 11. Bd3 {[%emt 0:05:24]} Nh4 {[%emt 0:17:06]} 12. Nxh4 {[%emt 0:02:15]} Bxh4 {[%emt 0:00:06]} 13. Nd2 {[%emt 0:00:04]} a5 {[%emt 0:04:05]} 14. bxa5 {[%emt 0:04:34]} Rxa5 {[%emt 0:07:33]} 15. Bb2 {[%emt 0:14:00]} Be7 {[%emt 0:02:16]} 16. c4 {[%emt 0:05:04]} Nd7 {[%emt 0:00:31]} 17. Nb3 {[%emt 0:01:36]} Nc5 {[%emt 0:00:43]} 18. Nxc5 {[%emt 0:01:04]} Rxc5 {[%emt 0:00:34]} 19. cxd5 {[%emt 0:00:46]} Rxd5 {[%emt 0:00:53]} 20. Ke2 {[%emt 0:00:07]} Bd7 {[%emt 0:01:30]} 21. Be4 {[%emt 0:03:27]} Rb5 {[%emt 0:01:22]} 22. Bd4 {[%emt 0:04:21]} Bc5 {[%emt 0:01:03]} 23. Bxc5 {[%emt 0:04:20]} Rxc5 {[%emt 0:00:07]} 24. f4 {[%emt 0:00:04]} Bb5+ {[%emt 0:00:48]} 25. Ke3 {[%emt 0:09:55]} Bc6 {[%emt 0:00:35]} 26. Bxc6+ {[%emt 0:05:39]} Rxc6 {[%emt 0:00:22]} 27. Rhd1 {[%emt 0:00:20]} Ke7 {[%emt 0:00:38]} 28. Rab1 {[%emt 0:00:13]} Rc7 {[%emt 0:00:29]} 29. Rd3 {[%emt 0:01:20]} Ra8 {[%emt 0:00:15]} 30. Rdb3 {[%emt 0:00:07]} g6 {[%emt 0:00:31]} 31. Rxb7 {[%emt 0:00:10]} Rxa3+ {[%emt 0:00:06]} 32. Kf2 {[%emt 0:00:46]} Rxb7 {[%emt 0:00:14]} 33. Rxb7+ {[%emt 0:00:06]} Kf8 {[%emt 0:00:06]} 34. h4 {[%emt 0:00:25]} Kg7 {[%emt 0:00:06]} 35. Rc7 {[%emt 0:00:06]} Rd3 {[%emt 0:00:10]} 36. Ra7 {[%emt 0:00:04]} Rb3 {[%emt 0:00:05]} 37. Rc7 {[%emt 0:00:04]} Rd3 {[%emt 0:00:07]} 38. Ra7 {[%emt 0:00:04]} Rb3 {[%emt 0:00:06]} 39. Rc7 {[%emt 0:00:04]} Ra3 {[%emt 0:00:06]} 40. Rb7 {[%emt 0:00:00]} Rc3 {[%emt 0:00:00]} 41. Ra7 {[%emt 0:00:05]} 1/2-1/2

[Event "RUS-ch Boys U21 2021"]
[Site "Loo"]
[Date "2021.04.24"]
[Round "4.3"]
[White "Murzin, Volodar"]
[Black "Makoveev, Ilya"]
[Result "1-0"]
[WhiteElo "2478"]
[BlackElo "2315"]
[Annotator "ChessBase"]
[PlyCount "75"]
[EventDate "2021.04.21"]
[EventType "swiss"]
[EventCountry "RUS"]
[SourceTitle "playchess.com"]
[Source "ChessBase"]
[SourceQuality "1"]
[TimeControl "40/5400+30:1800+30"]

1. e4 {[%emt 0:00:43]} e5 {[%emt 0:00:21]} 2. Nf3 {[%emt 0:00:09]} Nc6 {[%emt 0:00:07]} 3. Bb5 {[%emt 0:00:45]} f5 {[%emt 0:00:48]} 4. Nc3 {[%emt 0:18:53]} fxe4 {[%emt 0:00:25]} 5. Nxe4 {[%emt 0:00:26]} Nf6 {[%emt 0:00:22]} 6. Qe2 {[%emt 0:01:48]} d5 {[%emt 0:00:25]} 7. Nxf6+ {[%emt 0:00:26]} gxf6 {[%emt 0:00:12]} 8. d4 {[%emt 0:00:09]} Bg7 {[%emt 0:00:30]} 9. O-O {[%emt 0:15:37]} O-O {[%emt 0:06:59]} 10. Bxc6 {[%emt 0:08:32]} bxc6 {[%emt 0:00:07]} 11. dxe5 {[%emt 0:00:02]} Re8 {[%emt 0:02:24]} 12. e6 {[%emt 0:01:36]} Rxe6 {[%emt 0:00:12]} 13. Be3 {[%emt 0:03:43]} c5 {[%emt 0:06:31]} 14. Rfd1 {[%emt 0:03:18]} Ba6 {[%emt 0:10:11]} 15. Qd2 {[%emt 0:04:58]} d4 {[%emt 0:02:37]} 16. c3 {[%emt 0:00:35]} Rd6 {[%emt 0:13:05]} 17. cxd4 {[%emt 0:00:25]} cxd4 {[%emt 0:00:13]} 18. Bf4 {[%emt 0:00:32]} Rd5 {[%emt 0:00:15]} 19. b4 {[%emt 0:00:42]} Qd7 {[%emt 0:04:51]} 20. Rac1 {[%emt 0:03:29]} c6 {[%emt 0:01:36]} 21. Re1 {[%emt 0:12:07]} Rd8 {[%emt 0:12:09]} 22. Re4 {[%emt 0:02:57]} Bf8 {[%emt 0:09:51]} 23. Rce1 {[%emt 0:06:03]} Bc8 {[%emt 0:01:59]} 24. Bh6 {[%emt 0:01:01]} Qf7 {[%emt 0:07:03]} 25. Bxf8 {[%emt 0:00:43]} Qxf8 {[%emt 0:00:07]} 26. Rxd4 {[%emt 0:05:35]} Rxd4 {[%emt 0:00:57]} 27. Nxd4 {[%emt 0:00:04]} c5 {[%emt 0:05:11]} 28. bxc5 {[%emt 0:00:13]} Qxc5 {[%emt 0:00:01]} 29. Re4 {[%emt 0:03:13]} Qb6 {[%emt 0:12:50]} 30. h3 {[%emt 0:05:09]} Qb1+ {[%emt 0:00:50]} 31. Re1 {[%emt 0:00:19]} Rxd4 {[%emt 0:00:35]} 32. Qc3 {[%emt 0:00:04]} Qb4 {[%emt 0:01:41]} 33. Qxc8+ {[%emt 0:00:30]} Kg7 {[%emt 0:00:01]} 34. Qc7+ {[%emt 0:01:16]} Kh6 {[%emt 0:01:02]} 35. Re7 {[%emt 0:00:25]} Qb1+ {[%emt 0:00:13]} 36. Kh2 {[%emt 0:00:04]} Qf5 {[%emt 0:00:29]} 37. Qg3 {[%emt 0:00:23]} Qf4 {[%emt 0:00:49]} 38. Rxa7 {[%emt 0:00:11]} 1-0